000 01904nam a2200229Ia 4500
003 Ost
005 20260507075451.0
008 260507s9999||||xx |||||||||||||| ||und||
020 _a×087339957
040 _cfsecg
041 _aara
082 _a658.403
100 _aالفضل، مؤيد عبد الحسين
_eمؤلف
245 0 _aالمنهج الكمي في ادارة الاعمال :
_bنماذج قرار و تطبيقات عملية /
_c مؤيد عبد الحسين الفضل
260 _aعمان:
_bمؤسسة الوراق للنشر و التوزيع,
_c2006
300 _a549 صفحة؛
_bإيضاحات ؛
_c24 سم
504 _aبيبليوغرافيا ص.588
520 _aيعرض هذا الكتاب مفهوم وأهمية المنهج الكمي والأساليب الكمية في إدارة الأعمال، والأساليب الرياضية البحتة مثل الإحتمالات والمصفوفات وأهميتها لبناء النماذج الرياضية اللازمة لإتخاذ القرار وتبصرة المحتويات كالتالي مفاهيم نظرية في إدارة الأعمال و المنهج الكمي،النمذجة في المنهج الكمي،الإحتمالات و التوزيعات الإحتمالية،أساليب التوقع في منظمات الأعمال،إتخاذ القرارات و تدعيما في حالات البيئة المختلفة،البرمجة الخطية،نماذج النقل و التخصيص،المنهج الكمي في تحديد الإحتياجات من المواد،أساليب السيطرة على الخزين،البرمجة الديناميكية في إدارة الأعمال،نماذج خطوط الإنتظار
653 _aاتخاذ القرارات-أساليب إحصائية
653 _aإدارة الأعمال--أساليب إحصائية
942 _cكتاب
999 _c44626
_d44626